000 00626nam a22002177a 4500
003 KOHA_MİRAKIL
005 20260325133223.0
008 260325b tu ||||| |||| 00| 0 tur d
020 _a9944581801
040 _aTR-AnABB
_btur
_cTR-AnABB
041 _atur
082 _a808.4209
_bYAR
100 1 _aYarar, Selahattin
245 1 0 _aKüçük sözler - 1 /
_cSelahattin Yarar
246 _aGüzellikten anlmayanlar, kelebekten et umar
250 _aGenişletilmiş 4. baskı
260 _a[y.y.] :
_b[yayl. y.] ,
_c[2010?]
300 _a195 sayfa ;
_c18 cm
650 0 4 _aÖzlü sözler
942 _2ddc
_cBK
999 _c10047
_d10047
900 _bCan ÇELIK